[Event "Team men HL chess 2018"]
[Site "Sochi"]
[Date "2018.05.05"]
[Round "5.4"]
[White "Gochelashvili, David"]
[Black "Kostin, Alexey"]
[Result "1-0"]
[WhiteElo "2421"]
[BlackElo "2291"]
[PlyCount "83"]
[EventDate "2018.05.01"]

1. Nf3 Nf6 2. c4 e6 3. b3 b6 4. g3 Bb7 5. Bg2 Be7 6. Bb2 c5 7. O-O O-O 8. d4
cxd4 9. Qxd4 d6 10. Nc3 a6 11. Rfd1 Qc7 12. Ba3 Ne8 13. Rac1 Nd7 14. Qe3 Nef6
15. Nd5 exd5 16. Qxe7 Rfe8 17. Qxd6 Qxd6 18. Bxd6 Rxe2 19. a4 Ne4 20. Nd4 Rb2
21. Nf5 Nxf2 22. Rd4 Nc5 23. Rf1 Nxb3 24. Rf4 Na5 25. R1xf2 Rb1+ 26. Rf1 Rxf1+
27. Kxf1 dxc4 28. Bxb7 Nxb7 29. Rxc4 Nxd6 30. Nxd6 Rb8 31. Rc7 h6 32. Ke2 b5
33. a5 b4 34. Rb7 Rxb7 35. Nxb7 f5 36. Nd6 g6 37. Kd3 Kf8 38. Nb5 g5 39. Nd4 f4
40. gxf4 gxf4 41. Ke4 Ke7 42. Nc6+ 1-0

[Event "Team men HL chess 2018"]
[Site "Sochi"]
[Date "2018.05.05"]
[Round "5.1"]
[White "Konaplev, Anton"]
[Black "Gusarov, Grigory"]
[Result "1-0"]
[WhiteElo "2376"]
[BlackElo "2367"]
[PlyCount "61"]
[EventDate "2018.05.01"]

1. d4 Nf6 2. c4 c6 3. Nc3 d5 4. e3 a6 5. Nf3 b5 6. b3 Bg4 7. Be2 e6 8. O-O Bb4
9. Bb2 Nbd7 10. a4 bxc4 11. bxc4 dxc4 12. h3 Bxf3 13. Bxf3 Nd5 14. Qc2 a5 15.
Na2 N7b6 16. e4 c3 17. Nxc3 Ne7 18. Na2 O-O 19. Nxb4 axb4 20. Qb3 Qb8 21. Rfc1
Rc8 22. a5 Nd7 23. Be2 c5 24. a6 cxd4 25. Rxc8+ Nxc8 26. Bxd4 Qd6 27. Be3 Ncb6
28. Rb1 Qe5 29. Qxb4 Nc8 30. Rd1 Qc7 31. Qb7 1-0

[Event "Team men HL chess 2018"]
[Site "Sochi"]
[Date "2018.05.05"]
[Round "5.2"]
[White "Ozgibcev, Anatoly"]
[Black "Rodin, Dmitrij"]
[Result "0-1"]
[WhiteElo "2376"]
[BlackElo "2412"]
[PlyCount "74"]
[EventDate "2018.05.01"]

1. e4 c5 2. c3 Nf6 3. e5 Nd5 4. d4 cxd4 5. Nf3 Nc6 6. Bc4 e6 7. cxd4 d6 8. O-O
Nb6 9. Bb3 Be7 10. Nc3 O-O 11. Qe2 d5 12. Bc2 Bd7 13. Qd3 g6 14. Qe3 f6 15. Qh6
Rf7 16. Re1 Rc8 17. Qh3 Bf8 18. exf6 Qxf6 19. Bg5 Qg7 20. Ne5 Nxe5 21. dxe5 d4
22. Ne4 Rxc2 23. Qd3 Rxb2 24. Bf6 Qh6 25. Bg5 Qh5 26. Bc1 Bb5 27. Qg3 Re2 28.
Bg5 Rxe1+ 29. Rxe1 Nd5 30. Qb3 Bc6 31. h4 h6 32. Bd8 Qf5 33. f3 Be7 34. Bxe7
Rxe7 35. Qa3 Qxe5 36. Qxa7 Nc3 37. Qb8+ Qxb8 0-1

[Event "Team men HL chess 2018"]
[Site "Sochi"]
[Date "2018.05.05"]
[Round "5.3"]
[White "Kalugin, Sergey G"]
[Black "Dilmukhametov, Artur"]
[Result "0-1"]
[WhiteElo "2398"]
[BlackElo "2348"]
[PlyCount "78"]
[EventDate "2018.05.01"]

1. e4 e6 2. d4 d5 3. e5 c5 4. c3 Qb6 5. Nf3 Nc6 6. a3 Nh6 7. b4 cxd4 8. cxd4
Nf5 9. Bb2 Be7 10. h4 h5 11. Bd3 g6 12. Bxf5 gxf5 13. Nc3 Rg8 14. g3 Bd7 15.
Bc1 Rc8 16. Ne2 a5 17. bxa5 Nxa5 18. O-O Qb3 19. Nf4 Rc3 20. Kg2 Bb5 21. Re1
Qxd1 22. Rxd1 Nb3 23. Rb1 Kd7 24. Nd2 Ba4 25. Nxb3 Rxb3 26. Rxb3 Bxb3 27. Rd2
Bc4 28. Nxh5 Bxh4 29. Rb2 Kc6 30. Bd2 Be7 31. Ba5 Bd8 32. Bb4 Bb6 33. Rd2 Ra8
34. Rd1 Ba5 35. Bd6 Bc3 36. Kf3 Bb2 37. Kf4 Be2 38. Rh1 Rh8 39. f3 Rxh5 0-1

[Event "Team men HL chess 2018"]
[Site "Sochi"]
[Date "2018.05.05"]
[Round "5.4"]
[White "Pogromsky, Mikhail"]
[Black "Pogosian, Georgy"]
[Result "1-0"]
[WhiteElo "2416"]
[BlackElo "2155"]
[PlyCount "73"]
[EventDate "2018.05.01"]

1. Nf3 d5 2. d4 Nf6 3. c4 c6 4. Qc2 g6 5. Bf4 Bg7 6. e3 O-O 7. Nc3 Na6 8. Rd1
Qa5 9. a3 Bg4 10. Be5 Rac8 11. Qa4 Qb6 12. b4 Ne4 13. Nxe4 dxe4 14. c5 Qd8 15.
h3 exf3 16. hxg4 Bxe5 17. dxe5 Qc7 18. gxf3 Qxe5 19. Bxa6 bxa6 20. Qxa6 Rcd8
21. O-O Qf6 22. Kg2 h5 23. Qc4 hxg4 24. fxg4 Qb2 25. a4 Rd2 26. Rxd2 Qxd2 27.
Qd4 Rd8 28. Qe4 Qd7 29. Kg3 Kg7 30. f4 f6 31. b5 cxb5 32. axb5 Rb8 33. c6 Qxg4+
34. Kxg4 f5+ 35. Qxf5 gxf5+ 36. Kxf5 Rxb5+ 37. Ke6 1-0

[Event "Team men HL chess 2018"]
[Site "Sochi"]
[Date "2018.05.05"]
[Round "5.1"]
[White "Alexeev, Alexey"]
[Black "Kezin, Roman"]
[Result "0-1"]
[WhiteElo "2287"]
[BlackElo "2445"]
[PlyCount "94"]
[EventDate "2018.05.01"]

1. e4 c5 2. Nf3 e6 3. g3 Nc6 4. Bg2 Nf6 5. Qe2 d6 6. O-O Be7 7. c3 O-O 8. d4
cxd4 9. cxd4 d5 10. e5 Ne4 11. Rd1 Qb6 12. Be3 Bd7 13. Ne1 f5 14. f3 Ng5 15.
Nc3 Nf7 16. Nd3 Rac8 17. Kh1 Rfd8 18. Bf1 Na5 19. Rac1 Nc4 20. Bf2 Qa5 21. Be1
Qb6 22. Rc2 a5 23. Bf2 Be8 24. Rdc1 Rc6 25. Na4 Qc7 26. b3 Ba3 27. Re1 Nb6 28.
Nac5 Rc8 29. Qe3 Qe7 30. Nf4 Na8 31. Bd3 b6 32. Nfxe6 bxc5 33. Nxc5 g6 34. e6
Nd8 35. Bb5 Rxe6 36. Nxe6 Rxc2 37. Bxe8 Nxe6 38. Ba4 Nac7 39. b4 Rxa2 40. Bb3
Rb2 41. bxa5 Bb4 42. Ra1 Bd2 43. Qd3 Bxa5 44. Be3 Qb4 45. Ba4 Qc3 46. Qxc3 Bxc3
47. Rc1 Bd2 0-1

[Event "Team men HL chess 2018"]
[Site "Sochi"]
[Date "2018.05.05"]
[Round "5.2"]
[White "Bublei, Pavel"]
[Black "Truskavetsky, Alexandr"]
[Result "0-1"]
[WhiteElo "2387"]
[BlackElo "2387"]
[PlyCount "58"]
[EventDate "2018.05.01"]

1. d4 Nf6 2. Nf3 g6 3. c4 Bg7 4. Nc3 d5 5. Bg5 Ne4 6. cxd5 Nxg5 7. Nxg5 e6 8.
h4 exd5 9. e3 O-O 10. Qb3 c6 11. Nf3 Qb6 12. Qc2 Na6 13. a3 Bf5 14. Qd2 Be4 15.
Ng5 c5 16. Ngxe4 cxd4 17. Nxd5 Qe6 18. Bxa6 bxa6 19. Nc7 Qxe4 20. Nxa8 Qxg2 21.
O-O-O dxe3 22. fxe3 Qc6+ 23. Kb1 Rb8 24. b4 a5 25. Qc2 Qxa8 26. Qc4 axb4 27.
Qd5 bxa3+ 28. Ka2 Rb2+ 29. Kxa3 Qb8 0-1

[Event "Team men HL chess 2018"]
[Site "Sochi"]
[Date "2018.05.05"]
[Round "5.3"]
[White "Pervakov, Sergey"]
[Black "Antonenko, Vladimir"]
[Result "0-1"]
[WhiteElo "2119"]
[BlackElo "2343"]
[PlyCount "86"]
[EventDate "2018.05.01"]

1. e4 c5 2. Nf3 Nc6 3. Bb5 e6 4. Bxc6 bxc6 5. b3 Ne7 6. Bb2 f6 7. Nh4 e5 8. O-O
g6 9. f4 Bg7 10. fxe5 fxe5 11. Qe2 d6 12. Qc4 Rf8 13. Nc3 Bf6 14. Nf3 Qb6 15.
Rf2 h6 16. Qe2 Be6 17. Raf1 Rf7 18. Na4 Qc7 19. Nd4 cxd4 20. Rxf6 Rxf6 21. Rxf6
Kd7 22. c3 dxc3 23. Bxc3 Qb8 24. Bxe5 Qb5 25. Qxb5 cxb5 26. Bxd6 bxa4 27. Bc5
axb3 28. axb3 Bxb3 29. d4 Bc2 30. Rf7 Re8 31. d5 Kd8 32. Bxa7 Bxe4 33. d6 Nd5
34. Rh7 h5 35. Bf2 Bf5 36. Ra7 Re4 37. Rh7 Ke8 38. Bg3 Nf6 39. Ra7 Nd7 40. h3
Kf7 41. Ra8 Rd4 42. Rh8 Nf8 43. Kf2 Rd5 0-1

[Event "Team men HL chess 2018"]
[Site "Sochi"]
[Date "2018.05.05"]
[Round "5.4"]
[White "Gubsky, Egor"]
[Black "Illina, Natalia"]
[Result "1-0"]
[WhiteElo "2303"]
[BlackElo "2146"]
[PlyCount "101"]
[EventDate "2018.05.01"]

1. d4 Nf6 2. c4 c5 3. d5 e6 4. Nc3 exd5 5. cxd5 d6 6. Nf3 g6 7. Bf4 a6 8. a4
Bg7 9. h3 O-O 10. e3 Ne8 11. Be2 Nd7 12. O-O Qe7 13. Nd2 Ne5 14. Bh2 f5 15. Re1
Nf6 16. Bf1 Rb8 17. Ra3 Bd7 18. Rb3 Qd8 19. Qa1 Ne8 20. a5 Nc7 21. Rb6 Bc8 22.
Nc4 Nxc4 23. Bxc4 Ne8 24. Bxa6 Ra8 25. Bb5 Bd7 26. Bxd7 Qxd7 27. Qa3 Ra6 28.
Qb3 Rxa5 29. Rxb7 Qd8 30. Nb5 Ra6 31. Na3 Qa5 32. Rd1 Ra7 33. Nc4 Rxb7 34. Qxb7
Qb4 35. Qxb4 cxb4 36. b3 Rf6 37. Ra1 Nc7 38. Ra5 Bf8 39. f3 g5 40. Kf2 h5 41.
Ke2 Be7 42. e4 f4 43. Bg1 Rf7 44. Bb6 Ne8 45. Ra8 Rf8 46. Ba5 Kf7 47. Bxb4 Rg8
48. Ra7 Rg6 49. e5 Kf8 50. Ra8 Kf7 51. e6+ 1-0

[Event "Team men HL chess 2018"]
[Site "Sochi"]
[Date "2018.05.05"]
[Round "5.1"]
[White "Novikov, Konstantin"]
[Black "Dulenko, Maxim"]
[Result "1/2-1/2"]
[WhiteElo "2255"]
[BlackElo "2143"]
[PlyCount "110"]
[EventDate "2018.05.01"]

1. e4 c5 2. Nf3 d6 3. c3 Nf6 4. h3 g6 5. Bd3 Nc6 6. Bc2 Bg7 7. O-O O-O 8. d4
cxd4 9. cxd4 e5 10. d5 Nb4 11. Nc3 Nxc2 12. Qxc2 b6 13. Be3 Ba6 14. Rfc1 Qd7
15. a4 Rfc8 16. a5 b5 17. b4 Rc7 18. Nd2 Nh5 19. Qd3 f5 20. f3 Rac8 21. Ra2 Nf4
22. Bxf4 exf4 23. Rac2 Bb7 24. Ne2 Rxc2 25. Rxc2 Rxc2 26. Qxc2 Qc8 27. Qxc8+
Bxc8 28. Nb3 a6 29. Nxf4 Bc3 30. Nd3 g5 31. Nbc1 fxe4 32. fxe4 g4 33. Ne2 Bd2
34. Kh2 gxh3 35. gxh3 Kf7 36. Kg3 Kf6 37. Nd4 h6 38. Nc6 Bc3 39. Kh4 Bd2 40.
Kg3 Bc3 41. Nf4 Bd2 42. h4 Be1+ 43. Kf3 Bxh4 44. Nd3 Bg5 45. e5+ dxe5 46. Nc5
Kf7 47. Nxe5+ Ke7 48. Ke4 Bf6 49. Nc6+ Kd6 50. Na7 Bh3 51. Nxa6 Bg2+ 52. Kf5
Bh4 53. Nxb5+ Kxd5 54. Nac7+ Kc4 55. a6 Bf2 1/2-1/2

[Event "Team men HL chess 2018"]
[Site "Sochi"]
[Date "2018.05.05"]
[Round "5.2"]
[White "Bogachkova, Alena"]
[Black "Novikov, Maxim"]
[Result "0-1"]
[WhiteElo "2110"]
[BlackElo "2488"]
[PlyCount "56"]
[EventDate "2018.05.01"]

1. e4 e5 2. Nf3 Nc6 3. Bb5 a6 4. Ba4 Nf6 5. d4 Nxd4 6. Nxe5 Ne6 7. Nd2 Be7 8.
O-O O-O 9. Bb3 Nc5 10. f3 d5 11. exd5 Nxd5 12. Ne4 Nxb3 13. axb3 Bf5 14. Qe2
Qe8 15. Nd3 Qc6 16. c4 Nf6 17. Ndf2 Rfe8 18. Re1 Nxe4 19. fxe4 Bg6 20. Bd2 Bc5
21. e5 Bd4 22. Bf4 Qb6 23. Be3 c5 24. Bxd4 cxd4 25. Qf3 Rad8 26. Kh1 d3 27. Ra3
d2 28. Rd1 Rxe5 0-1

[Event "Team men HL chess 2018"]
[Site "Sochi"]
[Date "2018.05.05"]
[Round "5.3"]
[White "Sadovsky, Artem"]
[Black "Mamedov, Elmin"]
[Result "1/2-1/2"]
[WhiteElo "2393"]
[BlackElo "2179"]
[PlyCount "102"]
[EventDate "2018.05.01"]

1. d4 Nf6 2. g3 g6 3. Bg2 Bg7 4. e4 d6 5. Ne2 O-O 6. O-O e5 7. Nbc3 Nc6 8. d5
Ne7 9. f4 exf4 10. gxf4 c6 11. dxc6 bxc6 12. Be3 Ng4 13. Bd4 Bxd4+ 14. Qxd4 Qb6
15. Qxb6 axb6 16. Rf3 f5 17. h3 Nh6 18. Rd3 fxe4 19. Rxd6 Nhf5 20. Rd2 e3 21.
Rdd1 Nh4 22. Rd3 Nxg2 23. Kxg2 Nf5 24. Nd4 Ba6 25. Nxf5 Bxd3 26. Ne7+ Kf7 27.
Nxc6 Ba6 28. Kg3 Rae8 29. Re1 Kg7 30. Nd4 Rf7 31. Nce2 h6 32. h4 Re4 33. Rg1
Rd7 34. c3 Bxe2 35. Nxe2 Rd2 36. Kf3 Re6 37. f5 Rf6 38. Kxe3 Rxb2 39. Nf4 Rxf5
40. Rxg6+ Kh7 41. Rd6 Rxa2 42. Rxb6 Ra4 43. Rb7+ Kg8 44. Rb8+ Rf8 45. Rb4 Rxb4
46. cxb4 Rf5 47. Ke4 Rb5 48. Nd5 h5 49. Ke5 Kf7 50. Kd6 Kg6 51. Kc6 Rxb4
1/2-1/2

[Event "Team men HL chess 2018"]
[Site "Sochi"]
[Date "2018.05.05"]
[Round "5.4"]
[White "Utiatskaja, Irina"]
[Black "Shkurkin, Andrey"]
[Result "1-0"]
[WhiteElo "2159"]
[BlackElo "2239"]
[PlyCount "55"]
[EventDate "2018.05.01"]

1. e4 c5 2. Nf3 g6 3. d4 cxd4 4. Nxd4 Bg7 5. c4 Nc6 6. Be3 Nf6 7. Nc3 O-O 8.
Be2 d6 9. O-O Bd7 10. Nc2 Qa5 11. Rc1 Rfc8 12. f3 Ne5 13. Na3 a6 14. Qb3 Nc6
15. c5 dxc5 16. Nc4 Qb4 17. Nb6 Be6 18. Ncd5 Bxd5 19. exd5 Qxb3 20. axb3 Nb4
21. Rxc5 Nc2 22. Nxa8 Rxa8 23. Rxc2 Nxd5 24. Bf2 Rd8 25. Rd1 e6 26. Bc4 Rc8 27.
Rcd2 Nb4 28. Rd8+ 1-0

[Event "Team men HL chess 2018"]
[Site "Sochi"]
[Date "2018.05.05"]
[Round "5.1"]
[White "Pavlov, Oleg"]
[Black "Gluhovsky, Mark"]
[Result "0-1"]
[WhiteElo "2145"]
[BlackElo "2312"]
[PlyCount "46"]
[EventDate "2018.05.01"]

1. d4 Nf6 2. c4 c5 3. d5 b5 4. cxb5 a6 5. bxa6 e6 6. Nc3 exd5 7. Nxd5 Be7 8. e4
O-O 9. Nc3 Nxa6 10. e5 Bb7 11. exf6 Bxf6 12. Nf3 d5 13. Be2 Nb4 14. O-O d4 15.
a3 dxc3 16. axb4 Qxd1 17. Rxd1 c2 18. Rf1 Rxa1 19. bxc5 Rb1 20. Bd3 Bxb2 21.
Bxb2 Rxb2 22. Rc1 Ra8 23. Ne1 Rb1 0-1

[Event "Team men HL chess 2018"]
[Site "Sochi"]
[Date "2018.05.05"]
[Round "5.2"]
[White "Barskij, Vladimir"]
[Black "Poliakov, Artem"]
[Result "1-0"]
[WhiteElo "2386"]
[BlackElo "2105"]
[PlyCount "135"]
[EventDate "2018.05.01"]

1. e4 d6 2. d4 Nf6 3. Nc3 g6 4. Be3 c6 5. h3 Bg7 6. f4 e5 7. dxe5 dxe5 8. Qxd8+
Kxd8 9. O-O-O+ Ke8 10. fxe5 Nfd7 11. e6 fxe6 12. Nf3 Ne5 13. Nxe5 Bxe5 14. Bc4
b5 15. Bb3 a5 16. a4 Bd7 17. h4 h6 18. Ne2 Na6 19. Rhf1 Nc7 20. Nf4 Rg8 21. Nd3
Bd6 22. Bxh6 c5 23. axb5 Bxb5 24. Ba2 c4 25. Nf4 Bc5 26. Rf3 a4 27. Ne2 a3 28.
Nd4 Bd7 29. Bf4 axb2+ 30. Kxb2 c3+ 31. Kb1 Bxd4 32. Bxc7 Rxa2 33. Kxa2 e5 34.
Rb1 Be6+ 35. Ka3 Kd7 36. Rb8 Kxc7 37. Rxg8 Bxg8 38. Kb4 Be6 39. Rf6 Bg4 40.
Rxg6 Be2 41. Kb3 Kd7 42. Rg5 Ke6 43. h5 Kf6 44. h6 Kxg5 45. h7 Kf4 46. h8=Q
Kxe4 47. Qh4+ Kf5 48. Qe1 Bb5 49. Qd1 Kg5 50. Qf3 Bd7 51. Qg3+ Kh5 52. Qg8 Bg4
53. g3 Bf5 54. Qh8+ Kg4 55. Qf6 Be4 56. Qh4+ Kf3 57. g4 Bd5+ 58. Kb4 Be4 59. g5
Bxc2 60. g6 e4 61. Qh5+ Kg3 62. Qg5+ Kf2 63. g7 Bxg7 64. Qxg7 e3 65. Kxc3 e2
66. Qf6+ Ke1 67. Qf4 Bg6 68. Qe3 1-0

[Event "Team men HL chess 2018"]
[Site "Sochi"]
[Date "2018.05.05"]
[Round "5.3"]
[White "Mutovin, Egor"]
[Black "Burtasova, Anna"]
[Result "0-1"]
[WhiteElo "1929"]
[BlackElo "2276"]
[PlyCount "80"]
[EventDate "2018.05.01"]

1. d4 d5 2. c4 e6 3. Nc3 c5 4. Nf3 Nc6 5. cxd5 exd5 6. g3 Nf6 7. Bg2 Be7 8. O-O
O-O 9. dxc5 d4 10. Na4 Bf5 11. a3 Ne4 12. e3 d3 13. b4 b5 14. Nd2 Nxd2 15. Qxd2
Ne5 16. Nb2 Bh3 17. f4 Bxg2 18. Qxg2 Nc4 19. Nxc4 bxc4 20. Bd2 Qc8 21. Qe4 Bf6
22. Rac1 Qa6 23. Qxc4 Qxa3 24. e4 Bb2 25. Rcd1 Rad8 26. Be3 d2 27. Bxd2 Rd3 28.
Kg2 Rfd8 29. Qc2 h5 30. Bc1 Bxc1 31. Rxd3 Rxd3 32. Rxc1 h4 33. g4 h3+ 34. Kh1
Rd8 35. Rf1 Qxb4 36. c6 Rd2 37. Qb1 Qc4 38. Rf3 Qxe4 39. Qf1 Qxc6 40. Qxh3 Rf2
0-1

[Event "Team men HL chess 2018"]
[Site "Sochi"]
[Date "2018.05.05"]
[Round "5.4"]
[White "Golubeva, Oksana"]
[Black "Zhukov, Ivan"]
[Result "1-0"]
[WhiteElo "2177"]
[BlackElo "2097"]
[PlyCount "71"]
[EventDate "2018.05.01"]

1. d4 Nf6 2. c3 d5 3. Bg5 c6 4. Nd2 Bf5 5. Ngf3 Nbd7 6. h3 h6 7. Bf4 e6 8. g4
Bh7 9. Bg2 Be7 10. Ne5 Nxe5 11. Bxe5 O-O 12. Qb3 Nd7 13. Bg3 b6 14. e4 Nf6 15.
e5 Nd7 16. O-O Rc8 17. f4 c5 18. f5 Bg5 19. Nf3 cxd4 20. Nxd4 Nc5 21. Qd1 Re8
22. Qe2 a6 23. Rae1 b5 24. Kh2 h5 25. gxh5 Bh6 26. Qg4 Kh8 27. Rd1 Qd7 28. b3
Nb7 29. Rd3 Nc5 30. Rdf3 Ne4 31. fxe6 fxe6 32. Rf7 Re7 33. Rf8+ Bg8 34. Bxe4
dxe4 35. Qxe4 Rf7 36. R1xf7 1-0

[Event "Team men HL chess 2018"]
[Site "Sochi"]
[Date "2018.05.05"]
[Round "5.1"]
[White "Kozionov, Kirill"]
[Black "Nazaretyan, Tigran"]
[Result "1-0"]
[WhiteElo "2452"]
[BlackElo "2302"]
[PlyCount "111"]
[EventDate "2018.05.01"]

1. d4 Nf6 2. c4 c6 3. Nc3 d5 4. Nf3 dxc4 5. a4 Bf5 6. Ne5 e6 7. f3 Bb4 8. e4
Bxe4 9. fxe4 Nxe4 10. Bd2 Qxd4 11. Nxe4 Qxe4+ 12. Qe2 Bxd2+ 13. Kxd2 Qd5+ 14.
Kc3 Na6 15. Nxc4 O-O-O 16. Qe3 Qc5 17. Be2 Rd5 18. Rhf1 Qxe3+ 19. Nxe3 Re5 20.
Bxa6 Rxe3+ 21. Kd2 Re5 22. Bd3 f5 23. Rae1 Rxe1 24. Rxe1 Kd7 25. b4 a6 26. Ke3
Kd6 27. Kd4 g6 28. Bc4 Re8 29. Re5 Re7 30. a5 Re8 31. Bb3 Re7 32. Bc4 Re8 33.
h3 Re7 34. g4 Re8 35. gxf5 gxf5 36. h4 Re7 37. h5 h6 38. Bb3 Re8 39. Bc2 Re7
40. Bb3 Re8 41. Re1 e5+ 42. Ke3 Kc7 43. Rf1 f4+ 44. Ke4 b6 45. Bc4 b5 46. Bb3
Re7 47. Rg1 c5 48. bxc5 Kc6 49. Rg6+ Kxc5 50. Rxa6 Kb4 51. Bd5 Ka4 52. Rxh6
Kxa5 53. Rg6 b4 54. h6 Ka4 55. Rg7 Re8 56. Bc6+ 1-0

[Event "Team men HL chess 2018"]
[Site "Sochi"]
[Date "2018.05.05"]
[Round "5.2"]
[White "Tenikashvili, Georgij"]
[Black "Golubev, Roman"]
[Result "1-0"]
[WhiteElo "2294"]
[BlackElo "2391"]
[PlyCount "67"]
[EventDate "2018.05.01"]

1. d4 Nf6 2. c4 g6 3. Nc3 d5 4. Nf3 Bg7 5. Bg5 Ne4 6. cxd5 Nxg5 7. Nxg5 e6 8.
Nf3 exd5 9. b4 Qd6 10. a3 c6 11. e3 O-O 12. Be2 a5 13. b5 c5 14. O-O Nd7 15.
Rc1 c4 16. a4 Nb6 17. e4 dxe4 18. Nxe4 Qf4 19. Ned2 Rd8 20. g3 Qd6 21. Nxc4
Nxc4 22. Bxc4 Bxd4 23. Nxd4 Qxd4 24. Qf3 Rf8 25. Rfd1 Qg4 26. Qf6 Be6 27. Rd4
Qh3 28. Bxe6 fxe6 29. Qe5 Rf7 30. Rc7 Raf8 31. Rxf7 Rxf7 32. Rd8+ Rf8 33. Rxf8+
Kxf8 34. Qb8+ 1-0

[Event "Team men HL chess 2018"]
[Site "Sochi"]
[Date "2018.05.05"]
[Round "5.3"]
[White "Kuzub, Pavel"]
[Black "Mumdgan, Suren"]
[Result "1-0"]
[WhiteElo "2033"]
[BlackElo "2116"]
[PlyCount "111"]
[EventDate "2018.05.01"]

1. e4 e6 2. d4 d5 3. Nd2 dxe4 4. Nxe4 Nd7 5. Nf3 Ngf6 6. Bd3 b6 7. Qe2 Bb7 8.
Nxf6+ Nxf6 9. Bg5 h6 10. Bh4 Qd5 11. Bb5+ c6 12. Bc4 Qe4 13. O-O-O Qxe2 14.
Bxe2 Be7 15. Ne5 Rc8 16. Bf3 g5 17. Bg3 h5 18. h3 Rg8 19. a3 g4 20. hxg4 hxg4
21. Be2 Ne4 22. Bxg4 Nxg3 23. fxg3 Bf6 24. Bf3 Rxg3 25. Rh7 Rc7 26. Rf1 Rg7 27.
Rxg7 Bxg7 28. Bh5 Bxe5 29. dxe5 c5 30. g4 Be4 31. Rf4 Bh7 32. Rf6 Rd7 33. Rxe6+
Kf8 34. Rf6 Kg7 35. e6 fxe6 36. Rxe6 Bg8 37. Re5 Bh7 38. g5 Bg6 39. Bxg6 Kxg6
40. b3 Kh5 41. Kb2 Kg4 42. g6 Rg7 43. Kc3 Rxg6 44. Re7 a6 45. Ra7 b5 46. Rc7 c4
47. bxc4 bxc4 48. Kxc4 Rb6 49. Rc5 Kf4 50. Kd5 Ke3 51. c4 Kd3 52. Rc8 Kc3 53.
c5 Rh6 54. c6 a5 55. Rb8 Rh5+ 56. Kd6 1-0

[Event "Team men HL chess 2018"]
[Site "Sochi"]
[Date "2018.05.05"]
[Round "5.4"]
[White "Barsamian, Eduard"]
[Black "Alieva, Alexandra"]
[Result "1-0"]
[WhiteElo "2226"]
[BlackElo "2089"]
[PlyCount "75"]
[EventDate "2018.05.01"]

1. d4 Nf6 2. c4 c5 3. d5 b5 4. cxb5 a6 5. bxa6 g6 6. Nc3 Bg7 7. g3 d6 8. Bg2
O-O 9. Nf3 Bxa6 10. O-O Nbd7 11. Qc2 Nb6 12. Rd1 Bb7 13. Ne1 e6 14. dxe6 Bxg2
15. exf7+ Rxf7 16. Kxg2 Ng4 17. Nf3 Bd4 18. e3 Qf6 19. Qe4 Bxc3 20. Qxg4 Be5
21. Ng5 Qxf2+ 22. Kh1 Rf5 23. e4 Rf6 24. Nh3 Qc2 25. Bg5 Rf7 26. Rac1 Qa4 27.
Rf1 Raf8 28. Rxf7 Rxf7 29. Bh6 Qxa2 30. Ng5 Rf6 31. Nf3 Bxb2 32. Rd1 Qb3 33.
Nd2 Qd3 34. Rb1 Qd4 35. Bg5 Rf7 36. Qe6 c4 37. Rf1 Qg7 38. Bh6 1-0

[Event "Team men HL chess 2018"]
[Site "Sochi"]
[Date "2018.05.05"]
[Round "5.1"]
[White "Jary, Sergey"]
[Black "Babarykin, Stanislav"]
[Result "0-1"]
[WhiteElo "2297"]
[BlackElo "2379"]
[PlyCount "72"]
[EventDate "2018.05.01"]

1. d4 d5 2. Bf4 Nf6 3. e3 c5 4. c3 Nc6 5. h3 Qb6 6. Qb3 c4 7. Qc2 Bf5 8. Qc1 e5
9. Bxe5 Nxe5 10. dxe5 Nd7 11. Nf3 Nc5 12. Nbd2 Be7 13. b4 Nd3+ 14. Bxd3 Bxd3
15. a4 a5 16. b5 O-O 17. Nd4 Rae8 18. N2f3 Bc5 19. Kd2 Qg6 20. Qg1 Be4 21. Nh4
Qh5 22. Nhf3 f6 23. e6 Bxf3 24. Nxf3 Rxe6 25. g4 Qg6 26. Qb1 f5 27. Nh4 Qg5 28.
Nxf5 Bxe3+ 29. Kc2 Bxf2 30. Qd1 d4 31. cxd4 g6 32. Qf3 gxf5 33. Qxf2 fxg4 34.
Qd2 Qg6+ 35. Kc3 Rf3+ 36. Kxc4 Rc6+ 0-1

[Event "Team men HL chess 2018"]
[Site "Sochi"]
[Date "2018.05.05"]
[Round "5.3"]
[White "Kurbedinov, Ramis"]
[Black "Suslov, Evgeniy"]
[Result "0-1"]
[WhiteElo "2309"]
[BlackElo "2305"]
[PlyCount "46"]
[EventDate "2018.05.01"]

1. Nf3 Nf6 2. c4 g6 3. Nc3 Bg7 4. e4 d6 5. d4 O-O 6. Be2 e5 7. O-O Nc6 8. d5
Ne7 9. a4 Ne8 10. a5 f5 11. Ng5 fxe4 12. Ncxe4 Nf5 13. a6 b6 14. Ne6 Bxe6 15.
dxe6 Qe7 16. Qd5 Nf6 17. Nxf6+ Bxf6 18. Be3 Rac8 19. Qc6 Qxe6 20. Bf3 Qe7 21.
Rad1 Kg7 22. b4 Bg5 23. Bxg5 Qxg5 {çàïèñü íå ðàçáîð~~èâà} 0-1

[Event "Team men HL chess 2018"]
[Site "Sochi"]
[Date "2018.05.05"]
[Round "5.4"]
[White "Komissarov, Alexey"]
[Black "Derjabin, Ilja"]
[Result "1/2-1/2"]
[WhiteElo "2197"]
[BlackElo "2360"]
[PlyCount "110"]
[EventDate "2018.05.01"]

1. d4 Nf6 2. Bf4 c5 3. e3 g6 4. Nf3 Bg7 5. Be2 Qb6 6. Na3 d5 7. Nb5 Na6 8. O-O
O-O 9. dxc5 Qxc5 10. Be5 Ne4 11. Bxg7 Kxg7 12. a3 Rd8 13. c4 e6 14. b4 Qe7 15.
Qd4+ Qf6 16. cxd5 exd5 17. Rac1 Bg4 18. Rfd1 Rd7 19. h3 Qxd4 20. Nbxd4 Bxf3 21.
gxf3 Nd6 22. Bxa6 bxa6 23. Rc6 a5 24. bxa5 Rb8 25. Rc5 Nc4 26. Ne2 Nxa3 27.
Rdxd5 Rxd5 28. Rxd5 Nc4 29. Rc5 Nd6 30. Nd4 Rb1+ 31. Kg2 Ra1 32. Rc6 Nf5 33.
Nxf5+ gxf5 34. Ra6 f4 35. Rxa7 Ra2 36. e4 Ra1 37. Ra8 h5 38. a6 Kh7 39. h4 Kg7
40. a7 Kh7 41. Rd8 Rxa7 42. Rd5 Kg6 43. Rg5+ Kh6 44. Rf5 Kg6 45. Rxf4 Ra5 46.
Kf1 f6 47. Ke2 Ra2+ 48. Ke3 Ra3+ 49. Kd4 Ra4+ 50. Kd5 Ra5+ 51. Kd4 Ra4+ 52. Kd5
Ra5+ 53. Kd4 Ra4+ 54. Kd5 Ra5+ 55. Kd4 Ra4+ 1/2-1/2

[Event "Team men HL chess 2018"]
[Site "Sochi"]
[Date "2018.05.07"]
[Round "6.1"]
[White "Rychagov, Andrey"]
[Black "Goryachkina, Aleksandra"]
[Result "1/2-1/2"]
[WhiteElo "2534"]
[BlackElo "2496"]
[PlyCount "109"]
[EventDate "2018.05.01"]

1. d4 e6 2. c4 Nf6 3. Nf3 b6 4. a3 c6 5. Nc3 d5 6. cxd5 exd5 7. Bg5 Be7 8. Qc2
O-O 9. e3 Bb7 10. Bd3 Nbd7 11. O-O c5 12. Ne5 Nxe5 13. dxe5 Ne4 14. Bxe7 Qxe7
15. Nxe4 dxe4 16. Bxe4 Bxe4 17. Qxe4 Rae8 18. Rfd1 Qxe5 19. Qxe5 Rxe5 20. Rd7
Ra8 21. a4 Ree8 22. Kf1 Kf8 23. a5 Red8 24. Rc7 Rdc8 25. axb6 axb6 26. Rxa8
Rxa8 27. Rb7 Ra6 28. Ke2 h5 29. f4 c4 30. Kf3 g6 31. h3 Kg7 32. g4 hxg4+ 33.
hxg4 b5 34. Rxb5 Rc6 35. f5 c3 36. bxc3 Rxc3 37. Kf4 Rc4+ 38. e4 Rc7 39. Rb6
gxf5 40. gxf5 Rc4 41. Ke5 Ra4 42. Kd5 Ra5+ 43. Kd6 Kf6 44. Kd7+ Kg7 45. Kd6 Kf6
46. Rc6 Re5 47. Rc4 Re8 48. Kd7 Re7+ 49. Kd8 Re5 50. Ra4 Kg7 51. Kd7 Kf6 52.
Kd6 Re8 53. Rd4 Re5 54. Kd7 Re7+ 55. Kd6 1/2-1/2

[Event "Team men HL chess 2018"]
[Site "Sochi"]
[Date "2018.05.07"]
[Round "6.2"]
[White "Potapov, Pavel"]
[Black "Novikov, Stanislav"]
[Result "1/2-1/2"]
[WhiteElo "2492"]
[BlackElo "2540"]
[PlyCount "111"]
[EventDate "2018.05.01"]

1. e4 c6 2. d4 g6 3. Nc3 Bg7 4. f4 Qb6 5. Nf3 d5 6. exd5 Bg4 7. Bc4 Nh6 8. dxc6
bxc6 9. O-O Bxf3 10. Rxf3 Nf5 11. Ne2 Nxd4 12. Nxd4 Qxd4+ 13. Qxd4 Bxd4+ 14.
Kf1 Bf6 15. Rd3 e6 16. Be3 Nd7 17. Rd6 Nb6 18. Rxc6 Bxb2 19. Rb1 Bf6 20. Bb3
Kd7 21. Rc5 Rhc8 22. Rd1+ Ke8 23. Rxc8+ Rxc8 24. a4 Bc3 25. Ke2 h5 26. h3 Rc7
27. g4 hxg4 28. hxg4 Ke7 29. Rd3 Nc8 30. Bf2 a5 31. Bh4+ Bf6 32. Be1 Rc5 33.
Bf2 Rc6 34. f5 gxf5 35. gxf5 Nd6 36. fxe6 fxe6 37. Be1 Rc5 38. Re3 Be5 39. Bf2
Nf5 40. Re4 Ng3+ 41. Bxg3 Bxg3 42. Rxe6+ Kd7 43. Kd3 Be5 44. Rh6 Rc3+ 45. Ke4
Bd6 46. Kd5 Bb4 47. Rh7+ Kd8 48. Kd4 Kc8 49. Be6+ Kb8 50. Bf5 Ka8 51. Bd3 Kb8
52. Rh2 Kc7 53. Bc4 Kd6 54. Rg2 Kc6 55. Rg6+ Kc7 56. Bb3 1/2-1/2